000 00213 a2200109 4500
020 _a9781575420684
041 _aeng
100 _aGerrshen Kaufman
245 _aStick up for yourself
942 _cBK
952 _71
999 _c18770
_d18770